Statistics for New Zealand Rugby All Blacks 1999 Rugby World Cup Squad

Click here to take the quiz!

General Stats

  • This quiz has been taken 166 times
  • The average score is 21 of 31

Answer Stats

Players% Correct
Jeff Wilson
96%
Justin Marshall
96%
Jonah Lomu
95%
Andrew Mehrtens
94%
Christian Cullen
92%
Anton Oliver
90%
Tana Umaga
88%
Byron Kelleher
86%
Ian Jones
84%
Josh Kronfeld
84%
Robin Brooke
84%
Taine Randell
81%
Carlos Spencer
77%
John Hart
75%
Kees Meeuws
73%
Tony Brown
73%
Carl Hoeft
72%
Reuben Thorne
66%
Pita Alatini
59%
Craig Dowd
58%
Alama Ieremia
56%
Mark Hammett
56%
Norm Maxwell
51%
Glen Osborne
50%
Scott Robertson
45%
Rhys Duggan
42%
Andrew Blowers
39%
Dylan Mika
39%
Royce Willis
36%
Greg Feek
34%
Daryl Gibson
33%

Score Distribution

Percentile by Number Answered

Percent of People with Each Score

Your Score History

You have not taken this quiz